000 00600nam a2200181 i 4500
001 82723
003 ES-MaACL
005 20250730174141.0
007 t|
008 041111s1969 sp ||||1| spa d
100 1 _aInnes, Hammond.
_965327
245 1 4 _aLos conquistadores españoles /
_cHammond Innes ; [traducción y revisión de Mario Hernández Sánchez-Barba].
260 _aBarcelona :
_bNoguer,
_c[1969]
300 _a336 p., 24 lám. :
_bil. ;
_c26 cm.
700 1 _aHernández Sánchez-Barba, Mario,
_d1925-2021
_963053
852 _aES-MaACL
_jC-37542
_bR.72088
999 _c82723
_d82723